Movies Quiz

Random Movies or Actor Quiz

Actor Facts: Denzel Washington Quiz Stats

 Plays Quiz not verified by Sporcle

Also try: Stiller and Wilson
Challenge
Share
Tweet
Embed
Score 0/30 Timer 10:00
0 Plays Today
Hint Answer % Correct
First NameDenzel
97.9%
Last NameWashington Jr.
94.7%
Birth CountryUnited States
66.3%
ProfessionActor
66.3%
Date of Birth (Year)1954
61.1%
His co-star in American GangsterRussell Crowe
60%
Release year of Malcolm X1992
56.8%
Character in American GangsterFrank Lucas
55.8%
ReligionChristian
54.7%
Height6'
49.5%
Birth StateNew York
47.4%
TV programme where he played Dr. Phillip CharndlerSt. Elsewhere
38.9%
Year of Marriage1983
35.8%
ProfessionFilm Director
34.7%
1st Child - July 1984John David
33.7%
Hint Answer % Correct
Directed film of 2007The Great Debaters
31.6%
Film where he played Don Pedro of AragonMuch ado about nothing
25.3%
Date of Birth (Day & Month)28th December
24.2%
SpousePauletta Pearson
21.1%
Year Active1977
21.1%
First Film DebutCarbon Copy
18.9%
Star SignCapricorn
16.8%
Middle NameHayes
15.8%
3rd Child (Twin)Malcom
14.7%
First Debut TV Movie (1977)Wilma
14.7%
2nd Child - November 1987Katia
12.6%
4th Child (Twin)Olivia
12.6%
Occupation he would have liked to bePreacher
12.6%
ProfessionBasketball Player
8.4%
Character in VirtuosityLt. Parker Barns
7.4%

You're not logged in!

Compare scores with friends on all Sporcle quizzes.
Join for Free
OR
Log In

You Might Also Like...

Show Comments

Extras

Top Quizzes Today


Score Distribution

Your Account Isn't Verified!

In order to create a playlist on Sporcle, you need to verify the email address you used during registration. Go to your Sporcle Settings to finish the process.

Report this User

Report this user for behavior that violates our Community Guidelines.

Details: